Oscar Winning Films To Actor Match #2 - Statistics

General Stats
  • This quiz has been taken 151 times
  • The average score is 8 of 11
Answer Stats
Movies Actors % Correct
Philadelphia (1993) Forrest Gump (1994) Tom Hanks
97%
The Accused (1988) The Silence of the Lambs (1991) Jodie Foster
95%
Mystic River (2003) Milk (2008) Sean Penn
94%
Boys Don't Cry (1999) Million Dollar Baby (2004) Hilary Swank
90%
Fargo (1996) Three Billboards Outside Ebbing, Missouri (2017) Frances McDormand
81%
Gone with the Wind (1939) A Streetcar Named Desire (1951) Vivien Leigh
74%
Butterfield 8 (1960) Who's Afraid of Virginia Woolf? (1966) Elizabeth Taylor
67%
Norma Rae (1979) Places in the Heart (1984) Sally Field
63%
Sergeant York (1941) High Noon (1952) Gary Cooper
57%
Women in Love (1970) A Touch of Class (1973) Glenda Jackson
49%
The Great Ziegfeld (1936) The Good Earth (1937) Luise Rainer
26%
No matching quizzes found
Score Distribution
Percent of People with Each Score
Percentile by Number Answered
Your Score History
You have not taken this quiz